00325nam a2200121Ia 4500008004100000041000800041082001600049100001500065245004500080260004000125300002900165365000900194240624s9999 xx 000 0 und d aeng a005.117 LIU aLIU LIPING aMANAGEMENT OF THE OBJECT ORIENTED DEVELO c2006aLondonbIdea Group Publishing ax, : 371 : p. : cm. ; 25 cb30